Holy Roman Emperors Quiz - Statistics

General Stats
  • This quiz has been taken 162 times
  • The average score is 8 of 13
Answer Stats
# Name % Correct
? Charles
87%
? Francis
73%
? Henry
71%
? Frederick
67%
? Otto
66%
? Ferdinand
64%
? Joseph
55%
? Maximilian
55%
? Louis
54%
? Leopold
51%
? Rudolph
42%
? Sigismund
34%
? Matthias
33%
No matching quizzes found
Score Distribution
Percent of People with Each Score
Percentile by Number Answered
Your Score History
You have not taken this quiz